| 000 | 00925nas a2200277 4500 | ||
|---|---|---|---|
| 001 | BR2013009950 | ||
| 003 | BR-BrBNA | ||
| 005 | 20231205123358.0 | ||
| 007 | ta | ||
| 008 | 230509b bl.|||p| |||| 00| 00por d | ||
| 040 |
_aBR-BrBNA _bpor _cBiblioteca Nacional de Agricultura |
||
| 041 | _a(En) | ||
| 072 | _aF61 | ||
| 100 | 1 | _aFernandes, A.M. | |
| 100 | 1 | _aSoratto, R.P. | |
| 100 | 1 | _aSantos, L.A. dos | |
| 245 | 1 | _aNutrient extraction and exportation by common bean cultivars under different fertilization levels: II - Micronutrients | |
| 650 | _aFEIJÃO | ||
| 650 | _aADUBAÇÃO | ||
| 650 | _aMICROELEMENTO | ||
| 650 | _aABSORÇÃO DE NUTRIENTES | ||
| 773 | 0 |
_tRevista Brasileira de Ciência do Solo (Brazil) _xISSN 0100-0683 _g(Jul-Aug 2013), v. 37(4) p. 1043-1056 _wBR2013009950 |
|
| 856 | 4 | 0 | _uhttp://www.scielo.br/pdf/rbcs/v37n4/21.pdf |
| 909 |
_a202311 _bLúcia _c55 _dLúcia Elande |
||
| 942 |
_2AGRIS _n0 _cANA |
||
| 999 |
_c233581 _d233581 |
||